000
00261nam a22000977a 4500
008
230607b |||||||| |||| 00| 0 eng d
020
_a
9789385887352
100
_a
STILTON GERONIMO
_9
7367
245
_a
THE CHEESE EXPERIMENT
260
_a
INDIA
_b
STERING GRAPHICS
_c
2022
999
_c
12314
_d
12314